Světová ekonomika - základní rysy a tendence vývoje

Gespeichert in:
Bibliographische Detailangaben
1. Verfasser: Cihelková, Eva
Körperschaft: Vysoká škola ekonomická v Praze. Fakulta mezinárodních vztahů
Format: Buch
Sprache:Tschechisch
Veröffentlicht: Praha VŠE v Praze, Nakladatelství Oeconomica 2003
Schlagworte:
Tags: Tag hinzufügen
Keine Tags, Fügen Sie das erste Tag hinzu!

MARC

LEADER 00000nam$a2200000$$$4500
001 0009591
005 20240223112312.1
020 |a 80-245-0011-6 
041 0 |a cze 
044 |a CZ 
245 1 0 |a Světová ekonomika - základní rysy a tendence vývoje  |c Eva Cihelková a kolektiv 
264 1 |a Praha  |b VŠE v Praze, Nakladatelství Oeconomica  |c 2003 
300 |a 258 s. 
610 2 0 |a hospodárstvo svetové 
610 2 0 |a hospodárstvo trhové 
610 2 0 |a vzťahy hospodárske medzinárodné 
610 2 0 |a prognózy hospodárske medzinárodné 
610 2 0 |a história 
610 2 0 |a krajiny rozvojové 
610 2 0 |a krajiny vyspelé 
610 2 0 |a Česko 
100 1 |a Cihelková, Eva 
710 2 |a Vysoká škola ekonomická v Praze. Fakulta mezinárodních vztahů